Estudio básico de seguridad del trabajo en las agencias distribuidoras de Embotelladora Nacional ENSA S.A ubicados en la región Centro y Norte del país
Presenta un plan de acción en materia de seguridad del trabajo que permitirá a la empresa Embotelladora Nacional ENSA S.A mitigar, reducir o eliminar la problemática actual en materia de seguridad del trabajo en las agencias distribuidoras en la región norte y centro del país.
| Main Authors: | , |
|---|---|
| Other Authors: | |
| Format: | Tesis Section = Libro |
| Language: | Undetermined Spanish |
| Published: |
Managua
UNI
2012
|
| Subjects: |
| LEADER | 01166nam a2200253Ia 4500 | ||
|---|---|---|---|
| 008 | 240830s9999 xx 000 0 und d | ||
| 040 | |a BIBLIOTECA-RUPAP Mon 658.38 M672 | ||
| 041 | |a spa | ||
| 082 | |a Mon 658.38 M672 | ||
| 100 | 1 | |a Miranda Arguello, Yara Valeska | |
| 100 | 1 | |b Ramos Obando, Jahaira Junieth | |
| 245 | 1 | 0 | |a Estudio básico de seguridad del trabajo en las agencias distribuidoras de Embotelladora Nacional ENSA S.A ubicados en la región Centro y Norte del país |
| 260 | |a Managua |b UNI |c 2012 | ||
| 300 | |a 269 p. :il. | ||
| 500 | |a Contiene: anexos e Incluye: CD. | ||
| 502 | |a Tesis (Ingeniero Industrial)- UNI, 2012. | ||
| 520 | 3 | |a Presenta un plan de acción en materia de seguridad del trabajo que permitirá a la empresa Embotelladora Nacional ENSA S.A mitigar, reducir o eliminar la problemática actual en materia de seguridad del trabajo en las agencias distribuidoras en la región norte y centro del país. | |
| 650 | 7 | |a SEGURIDAD INDUSTRIAL | |
| 650 | 7 | |b SEGURIDAD OCUPACIONAL | |
| 650 | 7 | |c MEDIDAS DE SEGURIDAD. | |
| 700 | 1 | |a Tutor: |b Gutiérrez Martínez, Marbel Evaristo | |
| 942 | |c BK |2 ddc | ||
| 991 | |a TESIS | ||
| 999 | |c 17141 | ||